Porovnání produktů ekologického a konvenčního zemědělství : odborná studie VŠCHT /

Hlavní autor: Hajšlová, Jana, 1952-
Korporativní autor: Vysoká škola chemicko-technologická v Praze. Ústav chemie a analýzy potravin
Další autoři: Schulzová, Věra, 1965-
Jazyk: Čeština
Vydáno: Praha : Ústav zemědělských a potravinářských informací, 2006
Témata:
Externí odkaz: Digitalizovaný dokument
Fyzický popis: 23 s. : barev. il. ; 30 cm
Knihy
Uloženo v:
LEADER 02363nam a2200541 a 4500
001 nkc20071715454
003 CZ PrNK
005 20071207103651.0
007 ta
008 070405s2006 xr a f 000 0 cze
015 |a cnb001715454 
020 |a 80-7271-181-4  |q (brož.) 
035 |a (OCoLC)190752220 
040 |a BOA001  |b cze  |d ABA001 
043 |a e-xr--- 
072 7 |a 631  |x Zemědělství. Pedologie. Agrotechnika. Agroekologie  |2 Konspekt  |9 24 
080 |a 63  |2 MRF 
080 |a 631.147  |2 MRF 
080 |a 631.57+637]-021.465  |2 MRF 
080 |a [631.57+637]:631.147  |2 MRF 
080 |a (437.3)  |2 MRF 
080 |a (048.8)  |2 MRF 
100 1 |a Hajšlová, Jana,  |d 1952-  |7 uzp2006333635  |4 aut 
245 1 0 |a Porovnání produktů ekologického a konvenčního zemědělství :  |b odborná studie VŠCHT /  |c vypracoval: Jana Hajšlová, Věra Schulzová 
260 |a Praha :  |b Ústav zemědělských a potravinářských informací,  |c 2006 
300 |a 23 s. :  |b barev. il. ;  |c 30 cm 
500 |a Nad názvem: Vysoká škola chemicko-technologická v Praze, Fakulta potravinářské a biochemické technologie, Ústav chemie a analýzy potravin 
500 |a 4000 výt. 
504 |a Obsahuje bibliografii 
500 |a Dostupné též v digitální podobě v aplikaci Kramerius 
650 0 7 |a zemědělství  |7 ph116770  |z Česko  |2 czenas 
650 0 7 |a ekologické zemědělství  |7 ph119814  |z Česko  |2 czenas 
650 0 7 |a kvalita zemědělských produktů  |7 ph163865  |z Česko  |2 czenas 
650 0 7 |a bioprodukty  |7 ph114175  |z Česko  |2 czenas 
650 0 9 |a agriculture  |z Czechia  |2 eczenas 
650 0 9 |a ecological agriculture  |z Czechia  |2 eczenas 
650 0 9 |a quality of agricultural products  |z Czechia  |2 eczenas 
650 0 9 |a bioproducts  |z Czechia  |2 eczenas 
655 7 |a srovnávací studie  |7 fd133583  |2 czenas 
655 9 |a comparative studies  |2 eczenas 
700 1 |a Schulzová, Věra,  |d 1965-  |7 uzp2007365832  |4 aut 
710 2 |a Vysoká škola chemicko-technologická v Praze.  |b Ústav chemie a analýzy potravin  |7 ko20010091855 
856 4 1 |u http://www.digitalniknihovna.cz/mzk/uuid/uuid:099e0080-18e2-11ef-9ec1-0050568d319f  |y Digitalizovaný dokument  |x NDK 
910 2 |a BOA001  |b 4-1186.758 
990 |a BK 
995 |a 01 
991 |b 200706  |c NOV 
996 6 |b 2610311769  |c 4-1186.758  |l MZK  |r Sklad / do 1 hodiny  |n 27  |p p.v.  |w 000847212  |u 000010  |a 1  |e BOA001  |j MZK50  |s P